| 000 | 00921nam a2200193 a 4500 | ||
|---|---|---|---|
| 003 | AM-YeHGA | ||
| 040 | _aAM-YeHGA | ||
| 090 | _c435256 | ||
| 005 | 20250617155434.0 | ||
| 008 | 180910s1958 b||||r|||||000|0|rus|| | ||
| 041 | 0 | _arus | |
| 245 | 0 | 0 |
_aКорея : _bИстория и экономика / _cРед. коллегия: И.С. Казакевич (отв. ред.) и др.] ; Акад. наук СССР. Ин-т востоковедения. |
| 260 |
_aМосква : _bИзд-во вост. лит., _c1958. |
||
| 300 |
_a236 с., 1 л. карт. ; _c23 см. |
||
| 651 | 4 |
_aКорейская Народно-Демократическая Республика _xИстория |
|
| 653 | 0 | _aЭкономика - Корейская Народно-Демократическая Республика | |
| 700 | 1 |
_aКазакевич, Игорь Степанович _eред. _4edt |
|
| 942 |
_2udc _cBK |
||
| 999 |
_c432659 _d432659 |
||